000 00980nac a22002777a 4500
001 BR7903146
003 BR-BrBNA
005 20240105114434.0
008 230509b bl.|||m| |||| 00| 0 por d
040 _aBR-BrBNA
_bpor
_cBiblioteca Nacional de Agricultura
072 _aE30; E15
090 _aE30 BR7903146
110 1 _aComissao Estadual de Planejamento Agricola, Rio Branco, AC (Brasil)
_92059
245 1 _aPlano Estadual de Aplicacao em Credito Rural, - 1978. PESAC [Projeto agricola; Projeto pecuario; Acre; Brasil]
260 3 _aRio Branco, AC (Brasil):
_c1978.
300 _a44 p.
490 _aPlano Estadual de Aplicacao em Credito Rural - Comissao Estadual de Planejamento Agricola (Brazil)
_v
_x
650 _aProjeto de desenvolvimento
650 _aMicroeconomia
650 _aCredito rural
650 _aProjeto agricola
650 _aProjeto pecuario
650 _aAcre
909 _a202312
_bLúcia Elande
_c55
_dLúcia Elande
942 _2AGRIS
_n0
_cMS
999 _c269356
_d269356